000 01169njm a2200325Ia 4500
001 A9832
003 IT-RoPAU
005 20220918181149.0
008 131025s9999 xx 000 0 und d
040 _aIT-RoPAU
040 _cIT-RoPAU
041 _aINGLESE
999 _c101993
_d101993
999 _bn.d.
100 _aOsbourne Ozzy
_928473
100 _eAutore musica
_928474
100 _gCodice autore musica SPICS: 36822
_928475
245 _aBlizzard of Ozz
250 _a1a ed.
260 _aAUSTRIA
260 _bJET
_c1980 [1a Ed.:1980 - Ed. Lingua Orig.: 1980]
300 _aCOMPACT DISC
300 _c43 minuti (Testo: 0 pag.)
500 _aMusica rock.
505 _aI Don't Know - Crazy Train - Goodbye To Romance - Dee - Suicide Solution - Mr. Crowley - No Bone Movies - Revelation (Mother Earth) - Steal Away (The Night)
650 _aROCK [COMPACT DISC]
_eCodice MATERIA SPICS: 9949
_928476
700 _aDaisley Bob
_eAutore
_gCodice autore SPICS: 36823
_928477
700 _aRhoads Rhandy
_eAutore testo e musica
_gCodice autore testo/musica SPICS: 36824
_928478
700 _aOsbourne Ozzy
_eInterprete
_gCodice interprete SPICS: 36822
_928479
942 _cCD
_2ddc